K historii a koncepci československé ekonomické reformy v letech 1965-1969
Charakteristika koncepcie československej ekonomickej reformy pripravovanej v rokoch 1964-65 a postupne zavádzanej do roku 1968. Príčiny, ktoré vyvolali snahu ekonómov riešiť systémovými zmenami hospodárske problémy. Hlavné rysy reformnej koncepcie formulovanej v období Pražskej jari. Vývoj hlavných...
Salvato in:
| Autore principale: | |
|---|---|
| Natura: | Capitolo di libro |
| Lingua: | ceco |
| Soggetti: | |
| Tags: |
Nessun Tag, puoi essere il primo ad aggiungerne!!
|
MARC
| LEADER | 00000naa$a2200000$$$4500 | ||
|---|---|---|---|
| 001 | 0038112 | ||
| 005 | 20231114082044.4 | ||
| 041 | 0 | |a cze | |
| 044 | |a CZ | ||
| 245 | 1 | 0 | |a K historii a koncepci československé ekonomické reformy v letech 1965-1969 |c Jiří Kosta |
| 520 | |a Charakteristika koncepcie československej ekonomickej reformy pripravovanej v rokoch 1964-65 a postupne zavádzanej do roku 1968. Príčiny, ktoré vyvolali snahu ekonómov riešiť systémovými zmenami hospodárske problémy. Hlavné rysy reformnej koncepcie formulovanej v období Pražskej jari. Vývoj hlavných ekonomických ukazovateľov v 60. rokoch v štatistickej prílohe. | ||
| 610 | 2 | 0 | |a reformy hospodárske |
| 610 | 2 | 0 | |a Česko |
| 610 | 2 | 0 | |a Slovensko |
| 610 | 2 | 0 | |a história |
| 610 | 2 | 0 | |a plánovanie hospodárske |
| 610 | 2 | 0 | |a mechanizmus trhový |
| 610 | 2 | 0 | |a demokratizácia |
| 610 | 2 | 0 | |a vývoj hospodársky |
| 100 | 1 | |a Kosta, Jiří | |